Statistics for U.S. States with a Clay County

Click here to take the quiz!

General Stats

  • This quiz has been taken 594 times
  • The average score is 14 of 18

Answer Stats

State% Correct
Alabama
88%
Texas
87%
Georgia
84%
Florida
83%
Arkansas
82%
Indiana
81%
Kansas
81%
Kentucky
81%
Illinois
80%
Mississippi
78%
Missouri
78%
Tennessee
78%
Iowa
76%
North Carolina
73%
Nebraska
72%
Minnesota
67%
West Virginia
66%
South Dakota
63%

Score Distribution

Percentile by Number Answered

Percent of People with Each Score

Your Score History

You have not taken this quiz